TOP 60 des jeux mobiles les plus téléchargés (2026) - Statistiques

Statistiques générales
  • Ce quiz a été pris 61 fois
  • Le résultat moyen est 6 sur 60
Statistiques - réponses
Téléchargements Jeu Développeur Genre % Correct
598 M Clash Royale Supercell Stratégie
84%
706 M EA SPORTS FC Mobile Soccer 26 Electronic Arts Sport
80%
494 M Brawl Stars Supercell Action
62%
2 131 M Candy Crush Saga King Mini-jeu
53%
2 768 M Subway Surfers SYBO Games Arcade
53%
841 M Clash of Clans Supercell Stratégie
49%
1 467 M Roblox ______ Corporation Plateforme de jeu
40%
532 M Pokémon GO Niantic Aventure
35%
812 M Block Blast! Hungry Studio Réflexion
20%
563 M Geometry Dash Lite RobTop Games Arcade
20%
925 M Temple Run Imangi Studios Arcade
16%
729 M Among Us Innersloth Action
13%
536 M Asphalt 8 - Car Racing Game Gameloft Jeu de course
11%
1 022 M PUBG MOBILE Level Infinite Action
11%
1 987 M Free Fire: Beat Carnival Garena Action
9%
1 209 M Hill Climb Racing Fingersoft Jeu de course
9%
1 270 M My Talking Tom Outfit7 Mini-jeu
9%
1 023 M My Talking Angela Outfit7 Mini-jeu
7%
1 060 M Pou Zakeh Mini-jeu
7%
562 M Gardenscapes Playrix Mini-jeu
5%
565 M Minion Rush: Running Game Gameloft Mini-jeu
5%
817 M Free Fire MAX: Beat Carnival Garena Action
4%
628 M Fruit Ninja Halfbrick Studios Arcade
4%
491 M Homescapes Playrix Mini-jeu
4%
765 M Magic Tiles 3 - Piano Game Amanotes Musique
4%
610 M Plants vs. Zombies Electronic Arts Stratégie
4%
491 M Sonic Dash: Endless Run SEGA Arcade
4%
1 168 M Temple Run 2: Endless Escape Imangi Studios Action
4%
495 M Bubble Shooter - Classic Pop Xu Solitaire Games Réflexion
2%
593 M Candy Crush Soda Saga King Arcade
2%
501 M Granny DVloper Arcade
2%
591 M Lords Mobile: Kingdom Wars IGG Stratégie
2%
1 374 M Ludo King Gametion Jeu de société
2%
470 M My Talking Angela 2 Outfit7 Mini-jeu
2%
1 038 M My Talking Tom 2: Pet Game Outfit7 Mini-jeu
2%
764 M My Talking Tom Friends Outfit7 Mini-jeu
2%
452 M Race Master 3D: Car Racing Beresnev Games Jeu de course
2%
495 M Stickman Party 234 MiniGames PlayMax Games Arcade
2%
727 M Talking Tom Gold Run Outfit7 Action
2%
470 M Township Playrix Mini-jeu
2%
1 251 M 8 Ball Pool Miniclip Sport
0%
515 M Block Craft 3D: Building Game Wildlife Studios Arcade
0%
511 M Bridge Race Supersonic Studios Mini-jeu
0%
579 M Carrom Pool: Disc Game Miniclip Sport
0%
645 M Dr. Driving SUD Inc. Jeu de course
0%
704 M Extreme Car Driving Simulator AxesInMotion Jeu de course
0%
591 M Hungry Shark Evolution Ubisoft Arcade
0%
654 M Hunter Assassin Ruby Games Action
0%
481 M Kick the Buddy - Fun Action Game Playgendary Action
0%
530 M Pooking - Billiards City Mountain Games Sport
0%
579 M Slither.io Lowtech Studios Action
0%
760 M Sniper 3D: Gun Shooting Games Wildlife Studios Action
0%
500 M Stack Ball - Crash Platforms Azur Games Arcade
0%
741 M Subway Princess Runner Ivy Arcade
0%
645 M Talking Tom Cat Outfit7 Mini-jeu
0%
517 M Talking Tom: Hero Dash Run Outfit7 Action
0%
634 M Tiles Hop Music & Ball Game Amanotes Musique
0%
753 M Traffic Rider skgames Jeu de course
0%
632 M Worms Zone.io - Hungry Snake Azur Games Action
0%
553 M Zombie Tsunami Mobigame Arcade
0%
Aucun quiz correspondant
Distribution des résultats
% des personnes avec chaque résultat
Percentile par nombre de réponses
Votre historique - résultats
Vous n’avez pas pris ce quiz